Former Home Grounds of English Football Clubs #2 - Statistics

General Stats
  • This quiz has been taken 521 times
    83 since last reset
  • The average score is 10 of 19
Answer Stats
Ground Club % Correct
Goodison Park Everton
97%
_______ Stadium, Highbury Arsenal
96%
The Dell Southampton
95%
Filbert Street Leicester City
91%
Baseball Ground Derby County
88%
Roker Park Sunderland
84%
Highfield Road Coventry City
76%
Millmoor Rotherham United
67%
Boothferry Park Hull City
57%
Victoria Ground Stoke City
54%
Manor Ground Oxford United
47%
Springfield Park Wigan Athletic
37%
Old Show Ground Scunthorpe United
24%
Sealand Road Chester City
21%
Fellows Park Walsall
21%
Loakes Park Wycombe Wanderers
14%
Eton Park Burton Albion
13%
Christie Park Morecambe
13%
Somerton Park Newport County
13%
No matching quizzes found
Score Distribution
Percent of People with Each Score
Percentile by Number Answered
Your Score History
You have not taken this quiz since the last reset